La integración de los métodos cuantitativo y cualitativo en la investigación social: significado y medida

Guardat en:
Dades bibliogràfiques
Autor principal: Bericat Alastuey, Eduardo (Autor)
Format: Llibre
Idioma:espanyol
Publicat: Barcelona Ariel 1998
Col·lecció:Ariel Sociología
Matèries:
Etiquetes: Afegir etiqueta
Sense etiquetes, Sigues el primer a etiquetar aquest registre!

MARC

LEADER 00000nam a2200000 a 4500
001 UCM8631
003 CL-VaPUC
008 030321e19980000SP |||||||||||||||||spa|d
020 |a 843441693X 
082 0 4 |a 300.72  |b BER  |2 21 
100 0 |a Bericat Alastuey, Eduardo  |e author  |9 474728 
245 1 3 |a La integración de los métodos cuantitativo y cualitativo en la investigación social: significado y medida 
300 |a 189 p 
942 |c BK 
945 |d 20030321 00:00:00  |a cmena 
260 |a Barcelona  |b Ariel  |c 1998 
650 0 |a Ciencias sociales  |v Investigación  |9 307767 
650 0 |a Estadística matemática  |9 260028 
650 0 |a Estadística aplicada  |9 270522 
650 0 |a Investigación social   |9 307814 
583 |a last modification  |c 20030321 00:00:00  |k Rodrigo Vera 
490 0 |a Ariel Sociología 
999 |c 303091  |d 303089 
952 |0 0  |1 0  |4 0  |6 300_720000000000000_BER_1998  |7 0  |8 A  |9 364074  |a BIBEDU  |b BIBEDU  |d 2019-11-21  |i 3867277  |o 300.72 BER 1998  |p 3867277  |r 2019-11-21  |w 2019-11-21  |y BK  |k PSI 
952 |0 0  |1 0  |4 0  |6 300_720000000000000_BER_1998  |7 0  |8 A  |9 364075  |a BIBEDU  |b BIBEDU  |d 2019-11-21  |i 3959546  |o 300.72 BER 1998  |p 3959546  |r 2019-11-21  |w 2019-11-21  |y BK  |k PSI